Akhānā chappā. (Record no. 72379)

MARC details
000 -LEADER
fixed length control field 00593cam a22002291 4500
001 - CONTROL NUMBER
control field sa 67001099
003 - CONTROL NUMBER IDENTIFIER
control field DLC
005 - DATE AND TIME OF LATEST TRANSACTION
control field 20260227112319.0
008 - FIXED-LENGTH DATA ELEMENTS--GENERAL INFORMATION
fixed length control field 890728s1963 ii 000 0 gujo
010 ## - LIBRARY OF CONGRESS CONTROL NUMBER
LC control number sa 67001099
035 ## - SYSTEM CONTROL NUMBER
System control number (OCoLC)20085658
040 ## - CATALOGING SOURCE
Original cataloging agency DLC
Transcribing agency WaU
Modifying agency DLC
042 ## - AUTHENTICATION CODE
Authentication code premarc
050 00 - LIBRARY OF CONGRESS CALL NUMBER
Classification number PK1859.A35
Item number A6 1963
100 0# - MAIN ENTRY--PERSONAL NAME
Personal name Akhā,
Dates associated with a name active 17th century.
245 10 - TITLE STATEMENT
Title Akhānā chappā.
260 ## - PUBLICATION, DISTRIBUTION, ETC.
Date of publication, distribution, etc. [1963]
300 ## - PHYSICAL DESCRIPTION
Extent 4, 40, 159 p.
Dimensions 19 cm.
500 ## - GENERAL NOTE
General note In Gujarati.
700 1# - ADDED ENTRY--PERSONAL NAME
Personal name Mehtā, Kuñjvihārī Cū.,
Dates associated with a name 1923-
700 1# - ADDED ENTRY--PERSONAL NAME
Personal name Śukla, Rameśa Ma.,
Dates associated with a name 1929-

No items available.

Powered by Koha